| 000 | 00831cab a2200253 4500 | ||
|---|---|---|---|
| 001 | WB2849-09 | ||
| 008 | 090401t1992 xxu||||| |||| 00| 0 eng d | ||
| 035 | _a(Sirsi) u44649 | ||
| 041 | _aeng | ||
| 245 | _aConstruction regulations proposed | ||
| 260 | _c1992 | ||
| 350 | _a0 | ||
| 490 |
_aHealth & Safety Information Bulletin _v(204) December 1992, 2(1) |
||
| 520 | _aThe HSC has published new construction site safety proposals which are intended to implement the design and management aspects of EC Directive 92/57/EEC. | ||
| 650 | _aCODE OF PRACTICE | ||
| 650 | _aCONSTRUCTION SITES | ||
| 650 | _aEC DIRECTIVES | ||
| 650 | _aHEALTH AND SAFETY COMMISSION | ||
| 650 | _aMOBILE CONSTRUCTION SITES | ||
| 650 | _aSITE SAFETY | ||
| 690 | _aBUILT ENVIRONMENT-BUILDING STANDARDS | ||
| 942 | _n0 | ||
| 948 | _c04/03/1997 | ||
| 999 |
_c28371 _d28371 |
||